000 02445nam0a2200397 4500
001 RU\NLR\bibl\1160553
005 20260405122815.0
021 _aRU
_b2009-20281
_91202
035 _a(nilc)RSL-KNO-002951782
035 _a(NLR Aleph) 001147302
090 _a1455387
_c1455387
100 _a20061019d2006 |||y0rusy50 ca
101 0 _arus
102 _aRU
105 _aa |||||||||
106 _ar
200 1 _aОптимизация диагностической тактики при травматических носовых кровотечениях
_eметодические рекомендации
_fВ.В. Петров, Н.С. Храппо, Б.Н. Левитан, А.А. Молдавская
_gАстрах. гос. мед. акад., Сам. гос. мед. ун-т
210 _aАстрахань
_cАстраханская государственная медицинская академия
_cСамарский государственный медицинский университет
_d2006
215 _a20 с.
_cил.
_d21
320 _aБиблиогр.: с. 19 (13 назв.)
606 1 _aНосовые кровотечения при травмах носа
_jМетодические пособия
_xДиагностика
_92496914
_3RU\NLR\auth\661481167
610 0 _aЗдравоохранение. Медицинские науки -- Оториноларингология -- Болезни верхних дыхательных путей -- Болезни носа и придаточных пазух -- Симптоматология болезней носа -- Пособие для специалистов
610 0 _aносовые кровотечения
686 _aР682.44-32,07
_2rubbk
686 _aР685.824-4я8
701 1 _4070
_8rus
_7ca
_aПетров
_bВ. В.
_cд-р мед. наук
_f1972-
_gВладислав Владимирович
_3RU\NLR\auth\7742890
_925833
701 1 _aХраппо
_bН. С.
_gНина Степановна
_4070
701 1 _4070
_7ca
_8rus
_aЛевитан
_bБ. Н.
_gБолеслав Наумович
_9187135
_3RU\NLR\AUTH\770187186
701 1 _4070
_8rus
_7ca
_aМолдавская
_bА. А.
_f1937-
_gАнна Аркадьевна
_3RU\NLR\auth\7748592
_931527
801 0 _aRU
_bРГБ
_c20061019
_grcr
801 1 _aRU
_bРГБ
_c20061019
801 2 _aRU
_bNLR
_c20071128
_grcr
942 _cBOOK
980 _aNB